000
00296nam a2200133Ia 4500
008
191201s2011 xx 000 0 und d
100
_a
LIPCHUTZ,Seymour
245
0
_a
Data structures
250
_a
2nd
260
_c
2011
_b
TMH
_a
N. delhi
300
_a
MISC
650
_a
MCA
942
_2
ddc
_c
BB
_0
51
999
_c
7518
_d
7518